00559nam a2200145Ia 4500008004100000020001800041050002000059100001700079245008700096260003700183300001900220500002100239650011500260700003800375120626s9999 xx 000 0 und d a84-481-4062-1 aHF5548.5E83 F79 aFRYE, Curtis aMicrosoft office excel 2003 : paso a paso / Curtis Frye; tr. Patricia Scott Peña aBarcelona; México: McGraw Hill aXXXIII, 407 p. aIncluye : CD-ROM a1. EXCEL (PROGRAMA PARA COMPUTADORA) 2. HOJAS DE CÁLCULO ELECTRÓNICO 3. NEGOCIOS -- PROCESAMIENTO DE DATOS aI. Scott Peña, Patricia, tr.Ì